Mind and Society: (Record no. 167332)

MARC details
000 -LEADER
fixed length control field 00687nam a22002057a 4500
005 - DATE AND TIME OF LATEST TRANSACTION
control field 20190828140951.0
010 ## - LCCN (DPL NO)
LC control number ENG-126354
020 ## - INTERNATIONAL STANDARD BOOK NUMBER
Terms of availability 1395.00
International Standard Book Number 978-0-19-949598-6
035 ## - SYSTEM CONTROL NUMBER
System control number EN-109886
037 ## - SOURCE OF ACQUISITION
Source of stock number/acquisition DBAD/PUB
082 ## - DEWEY DECIMAL CLASSIFICATION NUMBER
Classification number 128.2
100 ## - MAIN ENTRY--PERSONAL NAME
Personal name Uberoi, J.P.S.
245 ## - TITLE STATEMENT
Title Mind and Society:
Statement of responsibility, etc by J.P.S. Uberoi; edited by Khalid Tyabji
Remainder of title From Indian Studies to General Sociology/
260 ## - PUBLICATION, DISTRIBUTION, ETC. (IMPRINT)
Place of publication, distribution, etc New Delhi
Name of publisher, distributor, etc Oxford University Press
Date of publication, distribution, etc 2019
270 ## - ADDRESS
City New Delhi
Postal code 110002
Address 2/11 Ground Floor, Ansari Road, Daryaganj
300 ## - PHYSICAL DESCRIPTION
Extent xiii326p.
Dimensions 22cm(hb)
500 ## - GENERAL NOTE
General note Includes index and bibliography.
700 ## - ADDED ENTRY--PERSONAL NAME
Personal name Khalid Tyabji
942 ## - ADDED ENTRY ELEMENTS (KOHA)
Source of classification or shelving scheme Dewey Decimal Classification
Item type English Books
Classification part 128.2
Call number suffix UBE
Holdings
Withdrawn status Lost status Not for loan Collection code Home library Current library Date acquired Source of acquisition Cost, normal purchase price Full call number Barcode Copy number Cost, replacement price Koha item type
      Non-fiction Ashok Vihar Ashok Vihar 28/08/2019 DBAD/PUB 1395.00 128.2 UBE EN-109886 1 1395.00 English Books

© Delhi Public Library
Hit Counter
free hit counter